000 00711nam a22002297a 4500
005 20170124110035.0
010 _a821494
020 _c00.00
035 _a821494
037 _bCen Lib/Ret
040 _aDPL
_bEN
082 _a332.43
_bTAN
100 _aTaneja, S. K.
_922411
245 _aIndia and international monetary management /
_cby S. K. Taneja
260 _aNew Delhi
_bSterling Publishers
_c1976
270 _bNew Delhi
_aAB/9, Safdarjang Enclave
_e110016
300 _axiv,476p.
_c22cm(Hb)
500 _aIncludes bibliographical references
650 _aForeign exchange rates -- India
_912731
650 _aInternational finance
_922412
942 _2ddc
_cEN
_h332.43
_mTAN
999 _c128104
_d128104